000 00247nam a2200109Ia 4500
008 260210s9999 xx 000 0 und d
020 _a9789881566102
100 _aLiu
245 0 _aUrban Rail Transit Design Manual
260 _bDMPL
942 _cPG
999 _c14030
_d14030